Catalog

Record Details

Catalog Search



Naše dnešní orientace  Cover Image Book Book

Naše dnešní orientace / J. L. Hromádka

Record details

  • Physical Description: 30 s.
  • Edition: 1. vyd.
  • Publisher: Praha Henclovo nakladatelství 1945

Available copies

  • 2 of 2 copies available at Common Catalog SPOK.

Holds

  • 0 current holds with 2 total copies.
Show Only Available Copies
Location Call Number / Copy Notes Barcode Shelving Location Status Due Date
ETS Library 943.703 424470004150 Volný výběr Available -
ETS Library 943.703 424470009550 Volný výběr Available -

LDR 00692nam a2 00253
00136264
003CZ-PrJAB
00520030724000000.0
008010525s1945 xr e |||| |cze
009cz
035 . ‡a(CONS)6055
035 . ‡aKPS8700
040 . ‡aABG450
041 . ‡acze
08214. ‡a943.703
100 . ‡75709 ‡aHromádka, Josef L.
245 . ‡aNaše dnešní orientace / ‡cJ. L. Hromádka
250 . ‡a1. vyd.
260 . ‡aPraha ‡bHenclovo nakladatelství ‡c1945
300 . ‡a30 s.
653 . ‡aNaše dnešní orientace
8524 . ‡bETS ‡bETS ‡cVolný výběr ‡j943.703 ‡gA ‡p424470009550
8524 . ‡bETS ‡bETS ‡cVolný výběr ‡j943.703 ‡gA ‡p424470004150
910 . ‡aABG450
999 . ‡a6055 ‡bAUTOGEN ‡c6055 ‡tbiblio
905 . ‡uadmin
901 . ‡a36264 ‡b ‡c36264 ‡tbiblio ‡sets

Additional Resources